000 01130nam0a22003011 4500
001 rc\3642945
005 20250610090449.0
021 _aRU
_b[71-85314]
035 _a(NLR Aleph) 007830386
090 _a7773027
_c7773027
100 _a20130115d1971 |||y0rusy50 ca
101 0 _arus
102 _aRU
105 _ay z |||||
200 1 _aЗамечание о характере убывания корреляций в термодинамической системе
210 _aМосква
_cИзд-во Моск. ун-та
_d1971
215 _a11 с.
_d21
225 1 _aМежфакультетская лаборатория статистических методов. Препринт
_v№ 22
320 _aСписок лит.: с. 11 (14 назв.)
606 _aТермодинамика статистическая
_2psbo
606 _aКорреляция (мат.)
_2psbo
700 1 _aМинлос
_bР.А.
_f1931-
_gРоберт Адольфович
701 1 _aСинай
_bЯ.Г.
801 0 _aRU
_bNLR
_gpsbo
801 1 _aRU
_bELAR
_2rusmarc
852 _aNLR
_j71-6/7982
942 _cBOOK
980 _aNB